000 00280nam a2200097Ia 4500
001 1300188
005 20260420095859.0
008 260420s9999 xx 000 0 und d
245 0 _aCAN İLE CANAN - BİTKİLERİ SEVİYORUZ
_cNEFİSE ATÇAKARLAR
260 _bTİMAŞ ÇOCUK YAYINLARI
999 _c1300188
_d1300188